Biblioteca y Centro de Documentación

It´s a long way from norms to normality: the 35-hour week in France (Registro nro. 45540)

Detalles MARC
000 -CABECERA
Longitud fija campo de control 00973naa a2200253 4500
001 - NÚMERO DE CONTROL
Número de control 45540
003 - IDENTIFICADOR DE NÚMERO DE CONTROL
Identificador del número de control ES-MaCES
005 - FECHA Y HORA DE LA ÚLTIMA TRANSACCIÓN
Fecha y hora de la última transacción 20150724120110.0
008 - CAMPO FIJO DE DESCRIPCIÓN FIJA--INFORMACIÓN GENERAL
Códigos de información de longitud fija   000000s2014 xxu||||| t||||||| ||eng d
040 ## - FUENTE DE CATALOGACIÓN
Centro catalogador de origen ES-MaCES
Lengua de catalogación spa
Centro transcriptor ES-MaCES
100 1# - ENCABEZAMIENTO PRINCIPAL--NOMBRE PERSONAL
9 (RLIN) 16415
Nombre de persona Lehndorff, Steffen
245 10 - MENCIÓN DE TÍTULO
Título It´s a long way from norms to normality: the 35-hour week in France
Mención de responsabilidad, etc. Steffen Lehndorff
500 ## - NOTA GENERAL
Nota general Resumen
504 ## - NOTA DE BIBLIOGRAFÍA, ETC.
Nota de bibliografía, etc. Bibliografía: p. 860-863
650 #4 - ASIENTO SECUNDARIO DE MATERIA--TÉRMINO DE MATERIA
9 (RLIN) 28335
Término de materia o nombre geográfico como elemento inicial horas de trabajo
650 #4 - ASIENTO SECUNDARIO DE MATERIA--TÉRMINO DE MATERIA
9 (RLIN) 29205
Término de materia o nombre geográfico como elemento inicial ordenamiento del tiempo de trabajo
650 #4 - ASIENTO SECUNDARIO DE MATERIA--TÉRMINO DE MATERIA
9 (RLIN) 27288
Término de materia o nombre geográfico como elemento inicial consecuencias sociales
650 #4 - ASIENTO SECUNDARIO DE MATERIA--TÉRMINO DE MATERIA
9 (RLIN) 26943
Término de materia o nombre geográfico como elemento inicial Francia
653 10 - TÉRMINO DE INDEXACIÓN--NO CONTROLADO
Término no controlado Relaciones laborales-Empleo
650 #4 - ASIENTO SECUNDARIO DE MATERIA--TÉRMINO DE MATERIA
9 (RLIN) 28300
Término de materia o nombre geográfico como elemento inicial política de empleo
773 0# - ENTRADA DE DOCUMENTO FUENTE
Itemnumber del ítem fuente 81940
Lugar, editor y fecha de publicación New York (Ithaca, 14853-3901) Cornell University
Otro identificador del documento 084845
Título Industrial and labor relations review
Número de control del registro relacionado (ES-MaCES)25696
Parte(s) relacionada(s) vol. 67, no. 3 (July 2014) {10695 R. 084845} ;p. 838-863
902 ## - CES. TIPO DE DOCUMENTO
Tipodoc (006$c Sirtex) ART Artículo de revista
942 ## - ELEMENTOS KOHA
Fuente de clasificaión o esquema Clasificación propia del CES
Koha [por defecto] tipo de item Artículos (1982-2017)
Parte de clasificación Relaciones Laborales y Rel. Lab.- Empleo

No hay ítems disponibles.

© CES, Consejo Económico y Social de España 2021